zpět

Detail výsledku týmu

Terasy Harfa - Libeň, Praha

Datum a čas kvízu

18.5 Celkem bodů Celkový počet nahraných bodů na tomto kvízu bez doplňovacích otázek.
1. Pořadí na kvízu Konečné umístění týmu na tomto kvízu.

Zaznamenané odpovědi

# Otázka Odpověď Body Výsledky
1. Když Miloš Zeman volil, pokusi... 0.5
2. Těsně před Vánocemi se na Mezi... 0
3. Jistě jste zaznamenali, že let... 0
4. Technologičtí giganti jako Fac... 0
5. Bývalá světová tenisová jednič... 0
6. Pro mimobrněnské soutěžící upř... 0
7. Bývalé pražské nakladatelství... 0
8. Na jméno české metalové skupin... 1
9. Kmen tvořící velkou část obyva... 0
10. Ze šalinkarty vyberete i to, c... 1